Československé správne právo 1
Guardado en:
| Autor principal: | |
|---|---|
| Formato: | Libro |
| Lenguaje: | eslovaco |
| Publicado: |
Košice
Univerzita P.J. Šafárika
1981
|
| Colección: | Vysokoškolské učebné texty
|
| Etiquetas: |
Sin Etiquetas, Sea el primero en etiquetar este registro!
|
MARC
| LEADER | 00000nam a2200000 4500 | ||
|---|---|---|---|
| 001 | c127256 | ||
| 005 | 20041019155240.2 | ||
| 041 | 0 | |a slo | |
| 044 | |a SK | ||
| 245 | 1 | 0 | |a Československé správne právo 1 |c Michal Gašpar a kol. |
| 264 | 1 | |a Košice |b Univerzita P.J. Šafárika |c 1981 | |
| 300 | |a 216 s. | ||
| 490 | 1 | |a Vysokoškolské učebné texty | |
| 830 | 0 | |a Vysokoškolské učebné texty | |
| 100 | 1 | |a Gašpar, Michal | |